Groupes de Sept - Géographie #1 - Statistiques

Statistiques générales
  • Ce quiz a été pris 298 fois
  • Le résultat moyen est 34 sur 56
Statistiques - réponses
Groupe Réponse % Correct
Continents Asie
98%
Continents Europe
98%
Continents Amérique du Nord
96%
Continents Amérique du Sud
96%
Continents Australie
96%
Continents Afrique
95%
Pays qui finissent en "Stan" Afghanistan
90%
Pays qui finissent en "Stan" Kazakhstan
89%
Langues germaniques les plus parlées Allemand
88%
Pays qui finissent en "Stan" Ouzbekistan
88%
Pays qui finissent en "Stan" Turkmenistan
88%
Pays qui finissent en "Stan" Kirghizistan
86%
Pays qui finissent en "Stan" Pakistan
86%
Continents Antarctique
84%
Pays bordant la mer du Nord Pays-Bas
84%
Pays qui finissent en "Stan" Tadjikistan
84%
États des USA ayant plus de 11 millions d’habitants Californie
83%
Pays bordant la mer du Nord France
83%
Pays bordant la mer du Nord Royaume-Uni
83%
Pays bordant la mer du Nord Danemark
82%
Countries formerly in Yugoslavia Serbie
82%
États des USA ayant plus de 11 millions d’habitants Texas
82%
États des USA ayant plus de 11 millions d’habitants New York
81%
Pays bordant la mer du Nord Belgique
80%
Countries formerly in Yugoslavia Bosnie-Herzégovine
79%
Countries formerly in Yugoslavia Croatie
79%
Pays bordant la mer du Nord Norvège
79%
Pays bordant la mer du Nord Allemagne
76%
États des USA ayant plus de 11 millions d’habitants Floride
75%
Countries formerly in Yugoslavia Kosovo
75%
Countries formerly in Yugoslavia Macédoine du Nord
75%
Countries formerly in Yugoslavia Montenegro
75%
Countries formerly in Yugoslavia Slovénie
75%
Langues germaniques les plus parlées Néerlandais
68%
Langues germaniques les plus parlées Anglais
55%
Villes galloises Cardiff
53%
Langues germaniques les plus parlées Suédois
53%
Langues germaniques les plus parlées Danois
52%
Langues germaniques les plus parlées Norvégien
52%
Emirats des EAU Dubaï
50%
États des USA ayant plus de 11 millions d’habitants Illinois
42%
Emirats des EAU Abou Dhabi
35%
Pennsylvanie
31%
États des USA ayant plus de 11 millions d’habitants Ohio
29%
Emirats des EAU Oumm al Qaïwaïn
24%
Villes galloises Swansea
16%
Emirats des EAU Ras el Khaïmah
10%
Langues germaniques les plus parlées Afrikaans
8%
Emirats des EAU Charjah
7%
Villes galloises Newport
6%
Villes galloises Wrexham
5%
Emirats des EAU Ajman
4%
Emirats des EAU Fujaïrah
4%
Villes galloises Bangor
2%
Villes galloises St Asaph
1%
Villes galloises St David’s
1%
Aucun quiz correspondant
Distribution des résultats
% des personnes avec chaque résultat
Percentile par nombre de réponses
Votre historique - résultats
Vous n’avez pas pris ce quiz